000 00437nam a2200157Ia 4500
005 20250508151923.0
008 008 250505s9999 xx 000 0 eng d
037 _aBooks to be hide in OPAC
040 _aFEDL
_beng
_cFEDL
041 _aeng
_2eng
084 _a375.37, IND/O
_qFEDL
245 0 _aGeneral education: Report of the study team
300 _a96p.
942 _cHB
_h375.37, IND/O
999 _c1332977
_d1332977